[Event "Montigny le Bretonneux Noel op 12th"]
[Site "Montigny le Bretonneux"]
[Date "2009.12.28"]
[Round "4"]
[White "Appavou, Calixte"]
[Black "Clement Demange, Bernard"]
[Result "1-0"]
[WhiteElo "1885"]
[BlackElo "1735"]
[PlyCount "31"]
[EventDate "2009.12.26"]
[EventType "swiss"]
[EventRounds "7"]
[EventCountry "FRA"]
[SourceTitle "EXT 2011"]
[Source "ChessBase"]
[SourceDate "2010.11.26"]
[SourceVersion "1"]
[SourceVersionDate "2010.11.26"]
[SourceQuality "1"]

1. e4 c5 2. Nf3 d6 3. c3 Nc6 4. d4 cxd4 5. cxd4 Nf6 6. d5 Ne5 7. Nxe5 dxe5 8. Nc3 e6 9. Bb5+ Ke7 10. Be3 b6 11. f4 exf4 12. d6+ Qxd6 13. Qxd6+ Kxd6 14. Rd1+ Ke7 15. Bxf4 Ne8 16. Bc6 1-0

[Event "Montigny le Bretonneux Noel op 11th"]
[Site "Montigny le Bretonneux"]
[Date "2008.12.31"]
[Round "7"]
[White "Clement Demange, Bernard"]
[Black "Fruchard, Cyrille"]
[Result "1-0"]
[WhiteElo "1701"]
[BlackElo "1500"]
[PlyCount "93"]
[EventDate "2008.12.26"]
[EventType "swiss"]
[EventRounds "7"]
[EventCountry "FRA"]
[SourceTitle "EXT 2010"]
[Source "ChessBase"]
[SourceDate "2010.11.25"]
[SourceVersion "1"]
[SourceVersionDate "2010.11.25"]
[SourceQuality "1"]

1. c4 c5 2. Nc3 Nc6 3. g3 g6 4. Bg2 Bg7 5. e3 e5 6. Nge2 d6 7. 0-0 Be6 8. d3 Qd7 9. Rb1 Nge7 10. a3 a5 11. Nb5 0-0 12. Nec3 Rfd8 13. Nd5 Bxd5 14. cxd5 Na7 15. Nc3 b5 16. b4 cxb4 17. axb4 a4 18. f4 exf4 19. Na2 fxe3 20. Bxe3 Nf5 21. Bd2 Bd4+ 22. Kh1 Ne3 23. Bxe3 Bxe3 24. Qf3 Bh6 25. Nc3 f5 26. Ne2 Qg7 27. Qf2 Qe5 28. Rfe1 Qe3 29. Qf3 Qxf3 30. Bxf3 Re8 31. Nd4 Rxe1+ 32. Rxe1 Kf7 33. Re6 Rd8 34. g4 Bg7 35. Nxf5 gxf5 36. gxf5 Bf6 37. Kg2 a3 38. Re2 Re8 39. Bh5+ Kg7 40. Bxe8 Nc8 41. Bxb5 Bb2 42. Bc4 Kf6 43. Ba2 Nb6 44. Re6+ Kxf5 45. Rxd6 Na4 46. Ra6 Nc3 47. Bc4 1-0

[Event "Montigny le Bretonneux Noel op 10th"]
[Site "Montigny le Bretonneux"]
[Date "2007.11.01"]
[Round "6"]
[White "Mongey, Alain"]
[Black "Clement Demange, Bernard"]
[Result "1/2-1/2"]
[WhiteElo "1633"]
[BlackElo "1677"]
[PlyCount "43"]
[EventDate "2007.12.26"]
[EventType "swiss"]
[EventRounds "7"]
[EventCountry "FRA"]
[SourceTitle "EXT 2008"]
[Source "ChessBase"]
[SourceDate "2007.11.25"]
[SourceVersion "1"]
[SourceVersionDate "2007.11.25"]
[SourceQuality "1"]

1. d4 d5 2. Bg5 g6 3. Nf3 Bg7 4. e3 Nf6 5. c3 Ne4 6. Bf4 0-0 7. h3 Re8 8. Nbd2 Nxd2 9. Qxd2 c6 10. Bd3 Nd7 11. 0-0 e5 12. Bg5 f6 13. e4 dxe4 14. Bc4+ Kh8 15. dxe5 exf3 16. exf6 Nxf6 17. Qxd8 Rxd8 18. Rfe1 h6 19. Bf4 Re8 20. Rxe8+ Nxe8 21. Bf7 Bf5 22. Re1 1/2-1/2

[Event "Montigny le Bretonneux Noel op 10th"]
[Site "Montigny le Bretonneux"]
[Date "2007.10.31"]
[Round "5"]
[White "Clement Demange, Bernard"]
[Black "Guillet, Jacques"]
[Result "1/2-1/2"]
[WhiteElo "1677"]
[BlackElo "1620"]
[PlyCount "65"]
[EventDate "2007.12.26"]
[EventType "swiss"]
[EventRounds "7"]
[EventCountry "FRA"]
[SourceTitle "EXT 2008"]
[Source "ChessBase"]
[SourceDate "2007.11.25"]
[SourceVersion "1"]
[SourceVersionDate "2007.11.25"]
[SourceQuality "1"]

1. c4 Nf6 2. Nc3 d5 3. e3 g6 4. d4 Bg7 5. b4 c6 6. a4 0-0 7. Nf3 Bf5 8. Nd2 Re8 9. Be2 e5 10. dxe5 Rxe5 11. Bb2 Re8 12. 0-0 Nbd7 13. Qc1 Ne5 14. Nd1 Bd3 15. Re1 Bxe2 16. Rxe2 Nd3 17. Qc3 Nxb2 18. Nxb2 Nh5 19. Qc2 Nf4 20. Ree1 Bxb2 21. exf4 Bxa1 22. Rxa1 Qe7 23. Nf3 Qe4 24. Qxe4 Rxe4 25. cxd5 cxd5 26. g3 Rxb4 27. Ne5 Rc8 28. Kg2 Kg7 29. h4 Rb2 30. Rd1 Rcc2 31. Nd3 Rd2 32. Nxb2 Rxb2 33. Rxd5 1/2-1/2

[Event "Montigny le Bretonneux-B 4th"]
[Site "Montigny le Bretonneux"]
[Date "2005.10.29"]
[Round "8"]
[White "Clement Demange, Bernard"]
[Black "Couronne, Patrice"]
[Result "0-1"]
[WhiteElo "1690"]
[BlackElo "1750"]
[PlyCount "82"]
[EventDate "2005.10.22"]
[EventType "tourn"]
[EventRounds "9"]
[EventCountry "FRA"]
[SourceTitle "EXT 2008"]
[Source "ChessBase"]
[SourceDate "2007.11.25"]
[SourceVersion "1"]
[SourceVersionDate "2007.11.25"]
[SourceQuality "1"]

1. c4 Nf6 2. Nc3 d6 3. g3 g6 4. Bg2 Bg7 5. d4 0-0 6. e3 Nbd7 7. Nge2 e5 8. dxe5 Nxe5 9. b3 Rb8 10. 0-0 Nc6 11. Bb2 Bf5 12. Nd4 Nxd4 13. Qxd4 Ne4 14. Qxa7 Nxc3 15. Rfe1 Qd7 16. Qa5 Ne4 17. Bxg7 Kxg7 18. g4 Bxg4 19. Bxe4 Rfe8 20. Qc3+ Kg8 21. Bg2 Re5 22. f3 Bh3 23. Re2 Rg5 24. Qe1 Re8 25. Rd1 Qf5 26. Rd5 Re5 27. Rxe5 dxe5 28. Qf1 Qd3 29. Qe1 Kg7 30. Kh1 Bxg2+ 31. Rxg2 Rf5 32. Rd2 Qc3 33. Qe2 Rxf3 34. Rd3 Qc1+ 35. Kg2 Rf5 36. Rd1 Qc3 37. Rd3 Qa5 38. Rd5 Qb6 39. c5 Qb4 40. Qc4 Qe1 41. Rd7 Qf2+ 0-1

[Event "Montigny le Bretonneux-B 4th"]
[Site "Montigny le Bretonneux"]
[Date "2005.10.27"]
[Round "6"]
[White "Clement Demange, Bernard"]
[Black "Letang, Jerome"]
[Result "1/2-1/2"]
[WhiteElo "1690"]
[BlackElo "1810"]
[PlyCount "53"]
[EventDate "2005.10.22"]
[EventType "tourn"]
[EventRounds "9"]
[EventCountry "FRA"]
[SourceTitle "EXT 2008"]
[Source "ChessBase"]
[SourceDate "2007.11.25"]
[SourceVersion "1"]
[SourceVersionDate "2007.11.25"]
[SourceQuality "1"]

1. c4 Nf6 2. Nc3 g6 3. g3 Bg7 4. Bg2 0-0 5. d4 d6 6. e3 Nc6 7. Nge2 Re8 8. 0-0 Rb8 9. b3 Bf5 10. e4 Bg4 11. f3 Bd7 12. Bb2 e5 13. d5 Ne7 14. Qd2 Nh5 15. Rae1 f5 16. exf5 Nxf5 17. Nd1 Nf6 18. Bc1 Bh6 19. Qd3 Bxc1 20. Nxc1 Nd4 21. Nf2 Bf5 22. Ne4 Nxe4 23. fxe4 Bd7 24. Ne2 Nxe2+ 25. Rxe2 Rf8 26. Ref2 Qg5 27. Qd2 1/2-1/2